| 000 | 00537cam a22001815a 4500 | ||
|---|---|---|---|
| 001 | L143443 | ||
| 008 | 080509s2001 xxk f 000 0 eng d | ||
| 035 | _a(Sirsi) u143443 | ||
| 041 | 0 | _aeng | |
| 110 | 2 |
_aManchester College of Arts and Technology _95542 |
|
| 245 | 0 | 0 | _aProfessional practice and business management |
| 260 |
_aManchester _bMANCAT _c2001 |
||
| 300 |
_a2v. _c25cm. |
||
| 651 | 4 |
_aUnited Kingdom _y |
|
| 690 | _aMANAGEMENT-BUSINESS MANAGEMENT | ||
| 710 | 1 |
_aRoyal Institution of Chartered Surveyors _94900 |
|
| 942 | _n0 | ||
| 999 |
_c108158 _d108158 |
||